[Event "4. Open. Int. (tot.)"]
[Site "Padova  Fornace Carotta"]
[Date "2001.12.16"]
[Round "2.29"]
[White "Rizzo, Giuseppe"]
[Black "Stiz, Massimiliano"]
[Result "0-1"]
[WhiteElo "1500"]
[BlackElo "1561"]
[Annotator "Gabriele Ballarin"]
[PlyCount "114"]
[EventDate "2001.12.15"]
[EventType "swiss"]
[EventRounds "6"]
[EventCountry "ITA"]

1. e4 e6 2. d3 d5 3. Nd2 b6 4. g3 Bb7 5. Bg2 Ne7 6. Ngf3 Ng6 7. O-O h5 8. h4 Nd7 9. exd5 Bxd5 10. c4 Bb7 11. d4 Be7 12. Re1 O-O 13. Nf1 Nf6 14. Bg5 Ng4 15. Ne3 f6 16. Bf4 Nxf4 17. gxf4 Qd6 18. d5 Qxf4 19. Qd4 Qxd4 20. Nxd4 Nxe3 21. Rxe3 Bc5 22. Rd3 Bxd4 23. Rxd4 e5 24. Rd2 a5 25. Rad1 Rad8 26. b3 Rd6 27. a3 Ba6 28. Bf1 Rfd8 29. b4 Bb7 30. Bh3 Bc8 31. c5 bxc5 32. bxc5 Ra6 33. Bf1 Ra7 34. Be2 g6 35. Bb5 Bf5 36. a4 Be4 37. d6 cxd6 38. Rxd6 Rxd6 39. Rxd6 Rc7 40. c6 Kf7 41. Rd8 Bxc6 42. Bxc6 Rxc6 43. Ra8 Rc5 44. Ra6 Kg7 45. Kg2 Kh6 46. Rxf6 Rc4 47. Re6 Rxh4 48. Rxe5 Rxa4 49. f3 Kg7 50. Re6 Ra2+ 51. Kg3 Kf7 52. Ra6 Ra1 53. Kf4 a4 54. Kg5 a3 55. Rf6+ Ke7 56. Kxg6 Rg1+ 57. Kf5 a2 0-1

[Event "4. Open. Int. (tot.)"]
[Site "Padova  Fornace Carotta"]
[Date "2001.12.16"]
[Round "2.30"]
[White "Zaccheroni, Dario"]
[Black "Zavagli, Massimo"]
[Result "0-1"]
[WhiteElo "1500"]
[BlackElo "1561"]
[Annotator "Gabriele Ballarin"]
[PlyCount "80"]
[EventDate "2001.12.15"]
[EventType "swiss"]
[EventRounds "6"]
[EventCountry "ITA"]

1. d4 Nf6 2. c4 g6 3. Nc3 Bg7 4. e4 d6 5. f4 O-O 6. Nf3 c5 7. d5 Na6 8. Be2 Nc7 9. O-O Rb8 10. Bd2 a6 11. a4 b6 12. Qc1 Bd7 13. Bd3 b5 14. axb5 axb5 15. b3 bxc4 16. bxc4 Ra8 17. Qb2 Na6 18. Qb7 Nb4 19. Rxa8 Qxa8 20. Qxa8 Rxa8 21. Be2 Bg4 22. Rb1 Kf8 23. h3 Bd7 24. Ne1 Ke8 25. Nd3 Nc2 26. e5 Ng8 27. Nb5 Bxb5 28. cxb5 Nd4 29. Bf1 c4 30. Nc1 dxe5 31. Bxc4 Kd7 32. b6 e4 33. Be3 Rb8 34. b7 Kc7 35. Ne2 Nxe2+ 36. Bxe2 Rxb7 37. Rxb7+ Kxb7 38. Bc4 Kc7 39. Kf2 Kd6 40. Bc1 Bd4+ 0-1

[Event "4. Open. Int. (tot.)"]
[Site "Padova  Fornace Carotta"]
[Date "2001.12.16"]
[Round "2.31"]
[White "Fragni, Enrico"]
[Black "Baracchi, Leonardo"]
[Result "0-1"]
[WhiteElo "1528"]
[BlackElo "1497"]
[Annotator "Gabriele Ballarin"]
[PlyCount "69"]
[EventDate "2001.12.15"]
[EventType "swiss"]
[EventRounds "6"]
[EventCountry "ITA"]

1. d4 d5 2. f3 Bf5 3. Be3 Nf6 4. Bf2 Nbd7 5. e3 e6 6. Ne2 c5 7. c3 Qb6 8. Qd2 Rc8 9. Ng3 Bg6 10. Be2 cxd4 11. exd4 Be7 12. O-O Qc7 13. Be3 Bd6 14. f4 h5 15. h3 h4 16. Nh1 Ne4 17. Qe1 Bf5 18. Nd2 Ndf6 19. Rf3 Nh5 20. Nxe4 Bxe4 21. Rf1 Nxf4 22. Bf3 Nd3 23. g3 Nxe1 24. Raxe1 hxg3 25. Bxe4 dxe4 26. Kg2 f5 27. Bg5 f4 28. Rxe4 Qc6 29. Rfe1 Kd7 30. h4 Rhf8 31. Kh3 Rce8 32. R4e2 f3 33. Rd2 f2 34. Nxf2 gxf2 35. Rf1 0-1

[Event "4. Open. Int. (tot.)"]
[Site "Padova  Fornace Carotta"]
[Date "2001.12.16"]
[Round "2.32"]
[White "Benedetti, Maurizio"]
[Black "Trimboli, Carlo"]
[Result "1-0"]
[WhiteElo "1500"]
[BlackElo "1449"]
[Annotator "Gabriele Ballarin"]
[PlyCount "117"]
[EventDate "2001.12.15"]
[EventType "swiss"]
[EventRounds "6"]
[EventCountry "ITA"]

1. e4 c6 2. d4 d5 3. Nc3 e6 4. a3 Nd7 5. Nf3 h6 6. Bd3 c5 7. O-O Ne7 8. Nb5 Nc6 9. exd5 exd5 10. Re1+ Be7 11. Bf4 Nde5 12. Nxe5 Be6 13. Nxc6 bxc6 14. Nc7+ Kd7 15. Nxa8 Qxa8 16. dxc5 Bxc5 17. b4 Bd4 18. Rb1 Qd8 19. Be3 Bc3 20. Re2 Re8 21. Bc5 Qg5 22. Qc1 Qf6 23. Qe3 Rd8 24. Qg3 Ke8 25. b5 Bd4 26. Bxd4 Qxd4 27. Bf5 Qf6 28. Bxe6 fxe6 29. Rbe1 Kf8 30. Rxe6 Qf7 31. Qg6 Qxg6 32. Rxg6 Kf7 33. Rxc6 d4 34. Rc7+ Kg8 35. Rd1 Re8 36. f3 Rd8 37. Rc4 Rb8 38. a4 d3 39. Rxd3 a5 40. Rcd4 Kh7 41. c4 Rc8 42. Rc3 h5 43. c5 g5 44. c6 g4 45. f4 h4 46. Rd7+ Kg6 47. Rc5 g3 48. hxg3 hxg3 49. c7 Re8 50. Re5 Rc8 51. b6 Rh8 52. Rd8 Rh7 53. Rd6+ Kf7 54. Rd7+ Kg6 55. Rxh7 Kf6 56. Rhh5 Kg7 57. c8=Q Kg6 58. Qc6+ Kg7 59. Rd5 1-0

[Event "4. Open. Int. (tot.)"]
[Site "Padova  Fornace Carotta"]
[Date "2001.12.16"]
[Round "2.33"]
[White "Meggiorin, Orlando"]
[Black "De Nard, Stefano"]
[Result "1-0"]
[WhiteElo "1441"]
[BlackElo "1530"]
[Annotator "Gabriele Ballarin"]
[PlyCount "51"]
[EventDate "2001.12.15"]
[EventType "swiss"]
[EventRounds "6"]
[EventCountry "ITA"]

1. e4 c5 2. Nf3 d6 3. d4 cxd4 4. Nxd4 Nf6 5. Nc3 g6 6. Be3 Bg7 7. Qd2 O-O 8. O-O-O Nc6 9. Bh6 Nxd4 10. Bxg7 Nb3+ 11. cxb3 Kxg7 12. Bc4 Qc7 13. h4 h5 14. f3 a6 15. Kb1 Bd7 16. Nd5 Nxd5 17. Qxd5 b5 18. Be2 Qb6 19. g4 Be6 20. Qd2 hxg4 21. fxg4 Rh8 22. h5 Raf8 23. Qg5 Qb7 24. Bd3 Rh6 25. hxg6 Rxg6 26. Qh5 1-0

[Event "4. Open. Int. (tot.)"]
[Site "Padova  Fornace Carotta"]
[Date "2001.12.16"]
[Round "2.34"]
[White "Chinellato, Marco"]
[Black "Gerardi, Stefano"]
[Result "1/2-1/2"]
[WhiteElo "1416"]
[BlackElo "1506"]
[Annotator "Gabriele Ballarin"]
[PlyCount "83"]
[EventDate "2001.12.15"]
[EventType "swiss"]
[EventRounds "6"]
[EventCountry "ITA"]

1. e4 c5 2. Nf3 d6 3. d4 cxd4 4. Nxd4 Nf6 5. Nc3 g6 6. Bc4 Bg7 7. Bb3 Nc6 8. Be3 Bd7 9. f3 a6 10. Qd2 Qa5 11. O-O-O O-O 12. h4 Rfc8 13. h5 Nxh5 14. g4 Nxd4 15. Bxd4 Bxd4 16. Qxd4 Ng7 17. Kb1 Be6 18. Nd5 Bxd5 19. Bxd5 Rc5 20. Bb3 Rac8 21. Qe3 g5 22. Qd2 Qc7 23. Qh2 h5 24. gxh5 Ne6 25. h6 Nf4 26. Rhg1 Kh7 27. Rxg5 Rxg5 28. Qxf4 f6 29. Qh2 Qc5 30. a3 Rh5 31. Qf4 Qg5 32. Qf5+ Qxf5 33. exf5 Rc5 34. Bd5 b6 35. b4 Rc3 36. Kb2 Re3 37. Be4 Rh2 38. Rg1 Ree2 39. Rg7+ Kxh6 40. Rxe7 d5 41. Re6 dxe4 42. fxe4 1/2-1/2

[Event "4. Open. Int. (tot.)"]
[Site "Padova  Fornace Carotta"]
[Date "2001.12.16"]
[Round "2.35"]
[White "Nardin, Loris"]
[Black "Canazza, Alessandro"]
[Result "0-1"]
[WhiteElo "1329"]
[BlackElo "1500"]
[Annotator "Gabriele Ballarin"]
[PlyCount "90"]
[EventDate "2001.12.15"]
[EventType "swiss"]
[EventRounds "6"]
[EventCountry "ITA"]

1. e4 c6 2. d4 d5 3. Nc3 dxe4 4. Nxe4 Nd7 5. Bg5 Ngf6 6. Nxf6+ Nxf6 7. Nf3 Bg4 8. Be2 e6 9. O-O Bd6 10. Ne5 Bf5 11. Bd3 Bg6 12. Re1 O-O 13. c3 Be7 14. Qc2 Bxd3 15. Qxd3 Nd7 16. Bxe7 Qxe7 17. Qg3 Rfd8 18. Re4 Nxe5 19. Qxe5 Rd5 20. Qg3 Rad8 21. Rg4 g6 22. Re1 c5 23. Qe3 cxd4 24. cxd4 Qb4 25. Rd1 Qxb2 26. h4 Qxa2 27. Rc1 Qa5 28. Kh2 b5 29. Rc5 Qb6 30. h5 Rxc5 31. dxc5 Qc7+ 32. g3 Rd5 33. Rh4 Qxc5 34. hxg6 Qxe3 35. gxh7+ Kh8 36. fxe3 a5 37. g4 a4 38. Kg3 a3 39. Kf4 Rc5 40. e4 a2 41. Rh1 b4 42. e5 b3 43. Kg5 b2 44. Kh6 b1=Q 45. Kh5 Qxh7+ 0-1

[Event "4. Open. Int. (tot.)"]
[Site "Padova  Fornace Carotta"]
[Date "2001.12.16"]
[Round "3.2"]
[White "Roberti, Ignazio"]
[Black "Cacco, Christian"]
[Result "0-1"]
[WhiteElo "1796"]
[BlackElo "2214"]
[Annotator "Gabriele Ballarin"]
[PlyCount "68"]
[EventDate "2001.12.15"]
[EventType "swiss"]
[EventRounds "6"]
[EventCountry "ITA"]

1. e4 g6 2. Nf3 Bg7 3. d4 d6 4. c3 c6 5. Be2 Nf6 6. Nbd2 Qc7 7. O-O Nbd7 8. Re1 O-O 9. Bd3 e5 10. dxe5 dxe5 11. Nf1 Rd8 12. Qe2 Nc5 13. Bc2 Nh5 14. Ng3 Nf4 15. Qc4 b6 16. Bxf4 exf4 17. Ne2 Be6 18. Qb4 a5 19. Qa3 Bf8 20. Ned4 Bc4 21. b4 Na6 22. Qa4 axb4 23. Qxc6 bxc3 24. a4 Rac8 25. Qxc7 Rxc7 26. g3 fxg3 27. hxg3 Bc5 28. Ne2 Nb4 29. Rac1 Rd2 30. Bd1 Nd3 31. Rxc3 Bxf2+ 32. Kg2 Nxe1+ 33. Kxf2 Nxf3 34. Rxf3 Rxd1 0-1

[Event "4. Open. Int. (tot.)"]
[Site "Padova  Fornace Carotta"]
[Date "2001.12.11"]
[Round "3.11"]
[White "Opacic, Alexandar"]
[Black "Benedetti, Maurizio"]
[Result "1-0"]
[WhiteElo "2113"]
[BlackElo "1500"]
[Annotator "Gabriele Ballarin"]
[PlyCount "42"]
[EventDate "2001.12.15"]
[EventType "swiss"]
[EventRounds "6"]
[EventCountry "ITA"]

1. e4 d6 2. d4 Nf6 3. Nc3 g6 4. f3 Bg7 5. Be3 O-O 6. Bc4 Nbd7 7. Qd2 c5 8. g4 Nb6 9. Be2 cxd4 10. Bxd4 e5 11. Be3 Be6 12. h4 h5 13. g5 Ne8 14. O-O-O Nc4 15. Bxc4 Bxc4 16. Kb1 f6 17. Nd5 Rf7 18. Nh3 f5 19. b3 Bb5 20. exf5 Rxf5 21. Nf6+ Bxf6 1-0

[Event "4. Open. Int. (tot.)"]
[Site "Padova  Fornace Carotta"]
[Date "2001.12.16"]
[Round "3.12"]
[White "Balboni, Lamberto"]
[Black "Viola, Matteo"]
[Result "0-1"]
[WhiteElo "1600"]
[BlackElo "1916"]
[Annotator "Gabriele Ballarin"]
[PlyCount "108"]
[EventDate "2001.12.15"]
[EventType "swiss"]
[EventRounds "6"]
[EventCountry "ITA"]

{[%evp 0,108,18,31,23,16,69,100,107,107,118,121,117,51,106,100,83,55,77,129,89,89,145,119,119,87,118,108,190,201,148,38,28,33,16,25,12,-32,-25,-26,13,15,43,2,48,2,0,-6,-6,-70,-97,-145,-133,-175,-171,-197,-147,-350,-249,-292,-140,-146,-149,-144,-131,-128,-123,-129,-128,-128,-128,-119,-119,-119,-115,-126,-113,-128,-128,-128,-126,-160,-136,-160,-118,-161,-210,-219,-235,-232,-235,-263,-281,-286,-292,-343,-367,-404,-442,-442,-439,-543,-601,-607,-600,-652,-695,-713,-754,-829,-861]} 1. e4 e5 2. Nf3 f5 3. Nxe5 Qf6 4. d4 d6 5. Nc4 fxe4 6. Be2 Qf7 7. O-O Nf6 8. Nc3 Be6 9. Ne3 d5 10. f3 exf3 11. Bxf3 c6 12. Ng4 Bxg4 13. Bxg4 Be7 14. Qe2 Nbd7 15. Bf4 Nxg4 16. Qxg4 Nf6 17. Qe2 O-O 18. Rae1 Rae8 19. Be5 Bd8 20. Qd3 Re6 21. Rf3 Qe8 22. Ref1 Nd7 23. Rxf8+ Nxf8 24. Qg3 Ng6 25. Rf5 Nxe5 26. dxe5 Bc7 27. Qf3 Rxe5 28. g3 Bb6+ 29. Kg2 Rxf5 30. Qxf5 g6 31. Qf6 Qf7 32. Qxf7+ Kxf7 33. Kf3 Kf6 34. Ne2 g5 35. g4 Bc7 36. h3 Be5 37. c3 Ke6 38. Nc1 c5 39. Nd3 b6 40. a4 Kd6 41. Ke3 a5 42. Kf3 c4 43. Nf2 Bf4 44. Nd1 Ke5 45. Nf2 Bc1 46. Nd1 h6 47. Ke2 Ke4 48. Nf2+ Kf4 49. Nd1 Kg3 50. Kf1 Kxh3 51. Nf2+ Kg3 52. Ke1 Bxb2 53. Nd1 Bc1 54. Ke2 Kxg4 $138 0-1

[Event "4. Open. Int. (tot.)"]
[Site "Padova  Fornace Carotta"]
[Date "2001.12.16"]
[Round "3.13"]
[White "Nagliati, Paolo"]
[Black "Borgato, Alessandro"]
[Result "0-1"]
[WhiteElo "1756"]
[BlackElo "1561"]
[Annotator "Gabriele Ballarin"]
[PlyCount "52"]
[EventDate "2001.12.15"]
[EventType "swiss"]
[EventRounds "6"]
[EventCountry "ITA"]

{[%evp 0,52,16,16,9,11,72,-2,11,5,-4,16,15,22,29,34,34,37,45,45,89,89,103,80,85,82,93,76,108,40,30,32,49,42,43,53,62,61,54,17,45,55,58,-58,-53,-66,-61,-97,-103,-103,-101,-162,-163,-155,-153]} 1. e4 e5 2. Nf3 d6 3. g3 Nf6 4. Nc3 Nc6 5. Bg2 Be7 6. d4 exd4 7. Nxd4 Nxd4 8. Qxd4 O-O 9. O-O Rb8 10. Qxa7 Bg4 11. h3 Be6 12. Qd4 Qc8 13. Kh2 h6 14. Nd5 Nxd5 15. exd5 Bd7 16. c3 Re8 17. Re1 Bf6 18. Rxe8+ Qxe8 19. Qe4 Qxe4 20. Bxe4 Re8 21. Bf3 Re1 22. h4 g5 23. hxg5 Bxg5 24. Bxg5 Rxa1 25. Be3 Rxa2 26. b4 Rc2 {Nur} 0-1

[Event "4. Open. Int. (tot.)"]
[Site "Padova  Fornace Carotta"]
[Date "2001.12.16"]
[Round "3.14"]
[White "Calicchia, Giovanni"]
[Black "Favero, Graziano"]
[Result "1/2-1/2"]
[WhiteElo "1600"]
[BlackElo "1741"]
[Annotator "Gabriele Ballarin"]
[PlyCount "56"]
[EventDate "2001.12.15"]
[EventType "swiss"]
[EventRounds "6"]
[EventCountry "ITA"]

1. e4 d6 2. d4 Nf6 3. Nc3 g6 4. f3 c6 5. Be3 Bg7 6. Bd3 Nbd7 7. Nge2 Qa5 8. O-O O-O 9. Qd2 e5 10. a3 Nh5 11. b4 Qc7 12. d5 Ndf6 13. Rad1 cxd5 14. Nxd5 Nxd5 15. exd5 f5 16. Rc1 f4 17. Bf2 Qf7 18. c4 Bf5 19. Nc3 Qf6 20. Ne4 Bxe4 21. Bxe4 Bh6 22. Qd3 Qg7 23. c5 Nf6 24. cxd6 Nxe4 25. Rc7 Rf7 26. Rxf7 Qxf7 27. Qxe4 Qf6 28. Rc1 Qxd6 1/2-1/2

[Event "4. Open. Int. (tot.)"]
[Site "Padova  Fornace Carotta"]
[Date "2001.12.16"]
[Round "3.15"]
[White "Zangrando, Gianpietro"]
[Black "Cedriano, Filippo"]
[Result "0-1"]
[WhiteElo "1731"]
[BlackElo "1612"]
[Annotator "Gabriele Ballarin"]
[PlyCount "74"]
[EventDate "2001.12.15"]
[EventType "swiss"]
[EventRounds "6"]
[EventCountry "ITA"]

1. Nf3 Nf6 2. c4 e6 3. Nc3 d5 4. d4 Be7 5. e3 O-O 6. Bd3 dxc4 7. Bxc4 c5 8. O-O a6 9. a4 Qb6 10. Qe2 Nc6 11. Rd1 Rd8 12. d5 exd5 13. Bxd5 Nb4 14. e4 Nfxd5 15. Nxd5 Nxd5 16. exd5 Bf6 17. Bf4 Bg4 18. a5 Qxb2 19. Qxb2 Bxb2 20. Rab1 Bxf3 21. gxf3 Bd4 22. d6 Rd7 23. Rd3 h6 24. h4 g5 25. hxg5 hxg5 26. Be3 Rxd6 27. Rxb7 Rad8 28. Kg2 Bxe3 29. Rxd6 Rxd6 30. fxe3 Rd2+ 31. Kg3 Ra2 32. Kg4 Rxa5 33. Kxg5 Kg7 34. f4 c4+ 35. f5 Rc5 36. e4 c3 37. e5 c2 0-1

[Event "4. Open. Int. (tot.)"]
[Site "Padova  Fornace Carotta"]
[Date "2001.12.16"]
[Round "3.16"]
[White "Pomaro, Stefano"]
[Black "Marangoni, Simone"]
[Result "1/2-1/2"]
[WhiteElo "1713"]
[BlackElo "1633"]
[Annotator "Gabriele Ballarin"]
[PlyCount "73"]
[EventDate "2001.12.15"]
[EventType "swiss"]
[EventRounds "6"]
[EventCountry "ITA"]

1. e4 d6 2. d4 Nf6 3. Nc3 g6 4. f3 Bg7 5. Be3 O-O 6. Qd2 c6 7. Nge2 Nbd7 8. g4 e5 9. Ng3 b5 10. O-O-O Ne8 11. h4 Qa5 12. Kb1 exd4 13. Bxd4 Bxd4 14. Qxd4 Ne5 15. h5 g5 16. Qe3 h6 17. Nf5 Bxf5 18. exf5 Nc4 19. Bxc4 bxc4 20. f4 Qb6 21. Qxb6 axb6 22. fxg5 hxg5 23. Ne4 d5 24. Nxg5 Nf6 25. h6 Nh7 26. Nxh7 Kxh7 27. g5 Rg8 28. Rdg1 Rae8 29. Rg2 Re5 30. Rf1 f6 31. g6+ Kxh6 32. Rh1+ Kg7 33. Rh7+ Kf8 34. Rf7+ Ke8 35. Kc1 Rxf5 36. Rb7 Kf8 37. Rf7+ 1/2-1/2

[Event "4. Open. Int. (tot.)"]
[Site "Padova  Fornace Carotta"]
[Date "2001.12.16"]
[Round "3.17"]
[White "Morganti, Lionello"]
[Black "Zanirato, Stefano"]
[Result "0-1"]
[WhiteElo "1687"]
[BlackElo "1659"]
[Annotator "Gabriele Ballarin"]
[PlyCount "84"]
[EventDate "2001.12.15"]
[EventType "swiss"]
[EventRounds "6"]
[EventCountry "ITA"]

1. e4 Nc6 2. Nf3 a6 3. d4 e6 4. g3 d5 5. e5 Be7 6. c3 g5 7. h4 g4 8. Ng1 h5 9. Bd3 Nh6 10. Bxh6 Rxh6 11. Ne2 Bf8 12. Nf4 f5 13. exf6 Qxf6 14. Qc2 Bd6 15. Ne2 e5 16. dxe5 Nxe5 17. Nd2 Bd7 18. Nf4 Nxd3+ 19. Qxd3 Bxf4 20. gxf4 O-O-O 21. O-O-O Qxf4 22. Qg3 Qa4 23. Kb1 Bf5+ 24. Ka1 Rb6 25. b3 Qc6 26. Rhe1 Re8 27. Re5 Bg6 28. Rde1 Rxe5 29. Qxe5 Qf6 30. Qg3 Re6 31. Rxe6 Qxe6 32. Qf4 b6 33. Kb2 Kb7 34. c4 dxc4 35. Nxc4 Qe2+ 36. Nd2 Qd3 37. Ka3 b5 38. Qg5 a5 39. Nc4 bxc4 40. Qb5+ Kc8 41. Qa6+ Kd7 42. Qb5+ Ke6 0-1

[Event "4. Open. Int. (tot.)"]
[Site "Padova  Fornace Carotta"]
[Date "2001.12.16"]
[Round "3.18"]
[White "Zavagli, Massimo"]
[Black "Goi, Veronika"]
[Result "1/2-1/2"]
[WhiteElo "1561"]
[BlackElo "1675"]
[Annotator "Gabriele Ballarin"]
[PlyCount "95"]
[EventDate "2001.12.15"]
[EventType "swiss"]
[EventRounds "6"]
[EventCountry "ITA"]

{[%evp 0,95,31,34,25,-17,-10,-18,-10,-1,12,24,42,48,57,40,82,74,82,76,76,64,83,69,71,1,0,-63,-63,-78,-68,-68,-70,-70,-42,-47,-52,-84,-90,-121,-109,-117,-117,-119,-103,-90,-96,-96,-65,-84,-86,-78,-73,-85,-84,-77,-77,-96,-87,-97,-63,-61,-61,-59,-78,-94,-70,-79,-62,-70,-75,-103,-89,-89,-84,-102,-82,-98,-83,-58,-58,-94,0,0,0,0,9,0,10,0,0,0,0,0,0,0,0,0]} 1. d4 e6 2. c4 d5 3. Nc3 Nf6 4. Bg5 Be7 5. e3 c6 6. Nf3 Nbd7 7. Bd3 Qa5 8. O-O O-O 9. a3 dxc4 10. Bxc4 e5 11. b4 Qc7 12. dxe5 Nxe5 13. Be2 Nxf3+ 14. Bxf3 Qe5 15. Bxf6 Bxf6 16. Rc1 Be6 17. Ne2 Qb2 18. Nd4 Rfd8 19. Qc2 Bxd4 20. exd4 Qxa3 21. Qc5 a5 22. bxa5 Qxa5 23. Rb1 Qxc5 24. dxc5 Bc8 25. Ra1 Bf5 26. h3 Kf8 27. g4 Bd3 28. Rfc1 Bb5 29. Kg2 Rxa1 30. Rxa1 Ke7 31. Ra7 Rd7 32. Ra1 Kd8 33. g5 Kc7 34. Ra8 Rd8 35. Ra1 Ba6 36. Re1 Bc4 37. Re5 Bd5 38. Bxd5 cxd5 39. Kf3 Kc6 40. Ke3 Rd7 41. Kd4 Rd8 42. Re7 Ra8 43. Rxf7 Ra4+ 44. Kd3 Ra3+ 45. Kd4 Ra4+ 46. Kc3 Kxc5 47. Rxb7 Ra3+ 48. Kd2 {Nur} 1/2-1/2

[Event "4. Open. Int. (tot.)"]
[Site "Padova  Fornace Carotta"]
[Date "2001.12.16"]
[Round "3.19"]
[White "Pechy, Alaster"]
[Black "Canazza, Alessandro"]
[Result "1-0"]
[WhiteElo "1672"]
[BlackElo "1500"]
[Annotator "Gabriele Ballarin"]
[PlyCount "105"]
[EventDate "2001.12.15"]
[EventType "swiss"]
[EventRounds "6"]
[EventCountry "ITA"]

1. d4 d5 2. c4 e6 3. Nc3 Be7 4. Nf3 Nf6 5. Bg5 O-O 6. e3 h6 7. Bh4 b6 8. Qc2 Bb7 9. cxd5 Nxd5 10. Nxd5 exd5 11. Bxe7 Qxe7 12. Bd3 c5 13. O-O c4 14. Be2 Nd7 15. a4 a6 16. Rab1 Rfb8 17. Nd2 b5 18. b3 Nf6 19. bxc4 bxc4 20. Bf3 Rc8 21. Rb6 Rc6 22. Rxc6 Bxc6 23. Nxc4 dxc4 24. Bxc6 Rc8 25. Qxc4 Ne4 26. Qxa6 Rb8 27. Bxe4 Qxe4 28. a5 f5 29. Qe2 g5 30. Qc4+ Kh8 31. Qc7 Re8 32. a6 f4 33. Qb7 Qg6 34. e4 f3 35. a7 Qg8 36. Ra1 Ra8 37. Rb1 Rxa7 38. Qxa7 fxg2 39. Rb8 h5 40. Kxg2 Qxb8 41. Qxb8+ Kg7 42. Qd6 g4 43. Kg3 h4+ 44. Kf4 g3 45. fxg3 hxg3 46. Kg5 g2 47. Qg3 g1=Q 48. Qxg1 Kf7 49. d5 Ke7 50. Qc5+ Kf7 51. Qc7+ Ke8 52. Kf6 Kf8 53. Qb8# 1-0

[Event "4. Open. Int. (tot.)"]
[Site "Padova  Fornace Carotta"]
[Date "2001.12.16"]
[Round "3.20"]
[White "Quaranta, Cristiano"]
[Black "Colombo, Matteo"]
[Result "1-0"]
[WhiteElo "1627"]
[BlackElo "1500"]
[Annotator "Gabriele Ballarin"]
[PlyCount "40"]
[EventDate "2001.12.15"]
[EventType "swiss"]
[EventRounds "6"]
[EventCountry "ITA"]

1. d4 Nf6 2. c4 e6 3. Nc3 Bb4 4. Qc2 d5 5. cxd5 exd5 6. Bg5 O-O 7. e3 Nbd7 8. Bd3 b6 9. Bxh7+ Kh8 10. Bd3 Bb7 11. Nf3 c5 12. O-O Qc7 13. Nb5 Qc6 14. a3 c4 15. axb4 Qxb5 16. Be2 Qxb4 17. Ra4 Qd6 18. Bf4 Qe7 19. Ng5 Rfe8 20. Bd6 Qe6 1-0

[Event "4. Open. Int. (tot.)"]
[Site "Padova  Fornace Carotta"]
[Date "2001.12.16"]
[Round "3.22"]
[White "Spinoso, Giovanni"]
[Black "Baracchi, Leonardo"]
[Result "0-1"]
[WhiteElo "1585"]
[BlackElo "1497"]
[Annotator "Gabriele Ballarin"]
[PlyCount "82"]
[EventDate "2001.12.15"]
[EventType "swiss"]
[EventRounds "6"]
[EventCountry "ITA"]

1. e4 c5 2. Nf3 d6 3. d4 cxd4 4. Nxd4 Nf6 5. Nc3 a6 6. Bc4 e6 7. Bb3 b5 8. f3 Bb7 9. Be3 Be7 10. Qe2 Qc7 11. O-O-O O-O 12. g4 Nbd7 13. h4 Nc5 14. h5 Nxb3+ 15. Nxb3 Nd7 16. Rhg1 Nc5 17. g5 Rfc8 18. g6 Nxb3+ 19. axb3 fxg6 20. hxg6 hxg6 21. Rxg6 b4 22. Na4 Rf8 23. Rdg1 Bf6 24. Qh2 Kf7 25. Qh7 Rg8 26. Bh6 Kf8 27. Bxg7+ Bxg7 28. Rxe6 Bxb2+ 29. Kxb2 Qxh7 30. Rd1 Rg6 31. Rexd6 Rxd6 32. Rxd6 Qf7 33. Nc5 Bc8 34. e5 Qc7 35. Ne4 Bb7 36. Rf6+ Ke7 37. Nd6 Qc3+ 38. Kb1 Qxe5 39. Rf7+ Kxd6 40. Rxb7 Rc8 41. Rf7 Qe1+ 0-1

[Event "4. Open. Int. (tot.)"]
[Site "Padova  Fornace Carotta"]
[Date "2001.12.16"]
[Round "3.23"]
[White "Stiz, Massimiliano"]
[Black "Alessi, Giovanni"]
[Result "1-0"]
[WhiteElo "1561"]
[BlackElo "1389"]
[Annotator "Gabriele Ballarin"]
[PlyCount "97"]
[EventDate "2001.12.15"]
[EventType "swiss"]
[EventRounds "6"]
[EventCountry "ITA"]

1. e4 e6 2. d3 c6 3. g3 e5 4. Bg2 Be7 5. Ne2 Nf6 6. Nbc3 d5 7. exd5 cxd5 8. O-O O-O 9. Bg5 Be6 10. Kh1 Nc6 11. f4 Ng4 12. Bxe7 Qxe7 13. Qd2 Qc5 14. Nd1 Rad8 15. h3 Nf6 16. fxe5 Nxe5 17. Ne3 d4 18. Nf5 Ng6 19. Qg5 Bd5 20. Rac1 Bxg2+ 21. Kxg2 Qd5+ 22. Kh2 Qxa2 23. Nxg7 Kxg7 24. Qxf6+ Kg8 25. Nf4 Qa6 26. Qg5 Rde8 27. h4 Kh8 28. Rce1 Nxf4 29. Qxf4 Rxe1 30. Rxe1 Qa5 31. Qf6+ Kg8 32. Re4 Qh5 33. Re5 Qg6 34. Rg5 Re8 35. Rxg6+ hxg6 36. Qxd4 Re2+ 37. Kh3 Rxc2 38. Qd8+ Kg7 39. Kg4 a6 40. Qd4+ Kg8 41. Kg5 Rc6 42. Kh6 g5+ 43. Kxg5 Rg6+ 44. Kf4 b5 45. h5 Re6 46. g4 Re1 47. h6 Rf1+ 48. Kg5 f6+ 49. Kg6 1-0

[Event "4. Open. Int. (tot.)"]
[Site "Padova  Fornace Carotta"]
[Date "2001.12.16"]
[Round "3.24"]
[White "Clarini, Ivo"]
[Black "Meggiorin, Orlando"]
[Result "0-1"]
[WhiteElo "1657"]
[BlackElo "1441"]
[Annotator "Gabriele Ballarin"]
[PlyCount "94"]
[EventDate "2001.12.15"]
[EventType "swiss"]
[EventRounds "6"]
[EventCountry "ITA"]

1. d4 d5 2. c4 Nc6 3. Nf3 Bg4 4. e3 e6 5. Nc3 Nf6 6. Be2 Bb4 7. O-O Bxc3 8. bxc3 O-O 9. h3 Bh5 10. Ba3 Re8 11. Qc2 dxc4 12. e4 b5 13. g4 Bg6 14. Nd2 h6 15. Bf3 Nh7 16. Bg2 h5 17. f4 hxg4 18. hxg4 Nf6 19. g5 Ng4 20. Rae1 Nxd4 21. cxd4 Qxd4+ 22. Kh1 Nf2+ 23. Kh2 Ng4+ 24. Kg3 Ne3 25. Rxe3 Qxe3+ 26. Rf3 Qe1+ 27. Kg4 Rad8 28. Nf1 Bxe4 29. Re3 Bf5+ 30. Kf3 Qxe3+ 31. Nxe3 Bxc2 32. Nxc2 Rd3+ 33. Ke2 Red8 34. Be4 Rd2+ 35. Ke3 a5 36. Bc5 f5 37. gxf6 gxf6 38. Nd4 Rxa2 39. Nxe6 Rdd2 40. Bd5 Re2+ 41. Kf3 Kh8 42. Bd4 Rxe6 43. Bxe6 Kg7 44. Ke4 Re2+ 45. Kd5 b4 46. f5 c3 47. Kc4 Re4 0-1

[Event "4. Open. Int. (tot.)"]
[Site "Padova  Fornace Carotta"]
[Date "2001.12.16"]
[Round "3.25"]
[White "Gerardi, Stefano"]
[Black "Barbetta, Cosimo"]
[Result "0-1"]
[WhiteElo "1506"]
[BlackElo "1540"]
[Annotator "Gabriele Ballarin"]
[PlyCount "94"]
[EventDate "2001.12.15"]
[EventType "swiss"]
[EventRounds "6"]
[EventCountry "ITA"]

1. e4 c5 2. Nf3 Nc6 3. Bc4 e6 4. Nc3 a6 5. a4 Qc7 6. d4 cxd4 7. Nxd4 Bb4 8. O-O Bxc3 9. bxc3 Na5 10. Bb3 Qxc3 11. Ba3 Nc6 12. Nxc6 Qxc6 13. Qg4 g6 14. Qh4 e5 15. Rad1 Qf6 16. Qg3 Qf4 17. Bb2 f6 18. Qxf4 exf4 19. Bxg8 Rxg8 20. Bxf6 g5 21. Rd6 Rg6 22. a5 Kf7 23. e5 h5 24. Rb1 g4 25. Rb3 Rg8 26. g3 f3 27. Rb4 b5 28. axb6 a5 29. b7 Rb8 30. bxc8=Q Rgxc8 31. Rxb8 Rxb8 32. Rd1 a4 33. Kf1 a3 34. Ke1 a2 35. Rxd7+ Ke6 36. Re7+ Kf5 37. Ra7 Rb1+ 38. Kd2 a1=Q 39. Rxa1 Rxa1 40. c4 Rf1 41. Ke3 Re1+ 42. Kd4 Re2 43. c5 Rxf2 44. c6 Rc2 45. Kd5 f2 46. Kd6 f1=Q 47. c7 Qd3+ 0-1